000 00680nam a2200241Ia 4500
003 OSt
005 20220918230028.0
006 a|||||r|||| 00| 0
007 ta
008 220917b |||||||| |||| 00| 0 eng d
024 _a247,823
037 _cTextual
040 _aARTS
_cARTS
_beng
041 _2eng
_aeng
082 _aX9:9.2, K6;1
100 _aMhetras V G
_9151731
245 0 _aLabour participation in management
_b an experiment in industrial democracy in India
260 _aNew York
_bParagon Book Gallery U S A
_c1966
300 _a247p.
_ccm.
650 _aECONOMICS
942 _hX9:9.2, K6;1
_cTEXL
_2CC
999 _c286814
_d286814